Statistiques concernant Les gentilés des pays

Cliquez ici pour prendre le quiz!

Statistiques générales

  • Ce quiz a été pris 427 fois
  • Le résultat moyen est 107 sur 198

Statistiques - réponses

HintRéponse% Correct
AfghanistanAfghan
96%
AllemagneAllemand
96%
AlgérieAlgérien
95%
ArgentineArgentin
94%
ArménieArménien
94%
AutricheAutrichien
94%
AlbanieAlbanais
93%
AustralieAustralien
91%
BelgiqueBelge
87%
BrésilBrésilien
87%
AngolaAngolais
86%
BolivieBolivien
86%
BulgarieBulgare
86%
Afrique du SudSud-Africain
86%
CanadaCanadien
85%
ChiliChilien
84%
ChineChinois
83%
ColombieColombien
83%
FranceFrançais
83%
GrèceGrec
83%
BirmanieBirman
82%
République du Congo | République démocratique du CongoCongolais
82%
GabonGabonais
82%
BiélorussieBiélorusse
81%
Bosnie-HerzégovineBosnien / Bosniaque
81%
CamerounCamerounais
81%
CambodgeCambodgien
80%
CroatieCroate
80%
EspagneEspagnol
80%
GéorgieGéorgien
80%
IndeIndien
80%
ItalieItalien
80%
JaponJaponais
80%
Etats-UnisAméricain / États-Unien
79%
GambieGambien
79%
IrakIrakien / Iraquien
79%
IrlandeIrlandais
79%
IslandeIslandais
79%
Arabie SaouditeSaoudien
79%
DanemarkDanois
78%
EgypteÉgyptien
78%
FinlandeFinlandais
78%
GuinéeGuinéen
78%
HaitiHaïtien
78%
Côte d'IvoireIvoirien
78%
IranIranien
77%
IsraelIsraélien
77%
EstonieEstonien
76%
HongrieHongrois
76%
IndonésieIndonésien
76%
CubaCubain
74%
LibanLibanais
74%
République dominicaineDominicain
73%
EthiopieÉthiopien
73%
LettonieLetton / Latvien
73%
MarocMarocain
73%
Corée de NordNord-Coréen
73%
RoumanieRoumain
73%
Corée du SudSud-Coréen
73%
BéninBéninois
72%
JordanieJordanien
72%
LituanieLituanien
71%
Costa RicaCostaricien / Costaricain
70%
LuxembourgLuxembourgeois
70%
MalaisieMalaisien
70%
MaliMalien
70%
MexiqueMexicain
70%
République centrafricaineCentrafricain
69%
ChypreChypriote
69%
ComoresComorien
69%
LibyeLibyen
68%
MongolieMongol
68%
JamaiqueJamaïcain
67%
MadagascarMalgache
67%
KazakhstanKazakh / Kazakhstanais
66%
KenyaKényan
66%
BhoutanBhoutanais
64%
BotswanaBotswanais
64%
MoldavieMoldave
64%
LiberiaLibérien
63%
MalteMaltais
63%
NorvègeNorvégien
63%
PortugalPortugais
63%
EquateurÉquatorien
62%
FidjiFidjien
61%
Macédoine du NordMacédonien
61%
MauriceMauricien
61%
MonacoMonégasque
61%
NigeriaNigérian
61%
NigerNigérien
61%
PakistanPakistanais
61%
PérouPéruvien
61%
PolognePolonais
61%
AzerbaidjanAzerbaïdjanais
60%
MauritanieMauritanien
60%
RussieRusse
60%
GrenadeGrenadien
59%
KirghizistanKirghize / Kirghiz
59%
NamibieNamibien
59%
Pays-BasNéerlandais
59%
NépalNépalais
59%
ErythréeÉrythréen
58%
BelizeBélizien
56%
Nouvelle-ZélandeNéo-Zélandais / Néozélandais
56%
GhanaGhanéen
55%
MicronésieMicronésien
55%
OugandaOugandais
55%
KosovoKosovar
54%
OuzbékistanOuzbek
54%
PalestinePalestinien
54%
GuatemalaGuatémaltèque
53%
DjiboutiDjiboutien
52%
QatarQatari
51%
Cap-VertCap-Verdien
50%
KoweitKoweïtien
50%
RwandaRwandais
50%
SlovaquieSlovaque
50%
Burkina FasoBurkinabè / Burkinabé
49%
BarbadeBarbadien
48%
SénégalSénégalais
48%
SerbieSerbe
48%
Emirats arabes unisÉmirati / Émirien
47%
SomalieSomalien
46%
PhilippinesPhilippin
45%
SlovénieSlovène
45%
SuèdeSuédois
45%
SuisseSuisse
45%
EswatiniEswatini / Swatinien
44%
SoudanSoudanais
44%
KiribatiKiribatien
43%
ParaguayParaguayen
43%
OmanOmanais
42%
BurundiBurundais
41%
AndorreAndorran
40%
HondurasHondurien
40%
TunisieTunisien
40%
TurquieTurc
40%
Royaume-UniBritannique
39%
LaosLaotien
39%
SyrieSyrien
39%
BahreinBahreïni
37%
PanamaPanaméen
36%
ThailandaisThaïlandais
36%
TaiwanTaïwanais
35%
UkraineUkrainien
35%
MaldivesMaldivien
34%
SalvadorSalvadorien
34%
Soudan du SudSud-Soudanais / Sudsoudanais
34%
République TchèqueTchèque
34%
DominiqueDominiquais
33%
MonténégroMonténégrin
33%
Sri LankaSrilankais / Sri-Lankais
33%
Guinée-BissauBissau-Guinéen / Bissaoguinéen / Bissao-Guinéen
32%
BruneiBrunéien
32%
BangladeshBangladais
31%
TanzanieTanzanien
31%
MarshallMarshallais
30%
SingapourSingapourien
30%
Viet NamVietnamien
30%
TadjikistanTadjik
29%
BahamasBahamien
27%
TchadTchadien
27%
TogoTogolais
27%
VenezuelaVénézuélien
27%
GuyanaGuyanien
26%
LesothoLesothien / Lesothan
26%
SamoaSamoan / Samoen
25%
UruguayUruguayen
25%
ZambieZambien
25%
SeychellesSeychellois
24%
Sainte-LucieSaint-Lucien / Lucien
23%
YémenYéménite
23%
Guinée équatorialeÉquatoguinéen / Équato-Guinéen
22%
LiechtensteinLiechtensteinois
22%
PalaosPalaosien / Palaois / Palauan
22%
VaticanCitoyen du Vatican / Vatican
21%
SurinameSurinamais / Surinamien
20%
MalawiMalawite
18%
MozambiqueMozambicain
18%
Papouasie Nouvelle-GuinéePapouasien / Papouan-Néo-Guinéen
18%
SalomonSalomonais / Salomonien
18%
Saint-MarinSan-Marinais / Saint-Marinais
17%
TongaTongien / Tonguien / Tongan
16%
TurkménistanTurkmène
16%
ZimbabweZimbabwéen
16%
NauruNauruan
15%
Sierra LeoneSierra-Léonais / Sierra-Léonien / Sierraléonais
15%
NicaraguaNicaraguayen
14%
Saint-Christophe-et-NiévèsChristophien / Kittitien-et-Névicien / Kittitien et Névicien
9%
Timor orientalEst-Timorais / Timorais
9%
TuvaluTuvaluan / Tuvalais
9%
Antigua-et-BarbudaAntiguayen / Antiguais-et-Barbudiens
8%
VanuatuVanuatuan / Vanouatais
7%
Sao Tomé et princeSantoméen
3%
Saint-Vincent-et-les-GrenadinesVincentais / Saint-Vincentais-et-Grenadin / Saint-Vincentais et Grenadin
3%
Trinité-et-TobagoTrinidadien
2%
NiueNiouéen
0%

Distribution des résultats

Percentile par nombre de réponses

% des personnes avec chaque résultat

Votre développement - résultats

Vous n’avez pas pris ce quiz